000 00551nam a2200157 i 4500
001 44786
003 ES-MaACL
007 t|
008 030324s1983 sp ||||1| spa d
245 0 0 _aCódigo de las leyes de agentes mediadores oficiales, bolsas y mercado de valores mobiliarios /
_cJosé Ramón Cano Rico ; prólogo de Ignacio Arroyo.
260 _a[Madrid] :
_bTecnos,
_c[1983]
300 _a738 p. ;
_c22 cm.
700 1 _aCano Rico, José Ramón.
_934566
700 1 _aArroyo Martínez, Ignacio.
_923375
852 _aES-MaACL
_jL-4830
_bR.105130
999 _c44786
_d44786